Statistiques concernant Evénements du 23 juin

Cliquez ici pour prendre le quiz!

Statistiques générales

  • Ce quiz a été pris 46 fois
  • Le résultat moyen est 6 sur 15

Statistiques - réponses

HintRéponse% Correct
Mort de Vespasien79
93%
Naissance de Marie Leszczynska future épouse de Louis XV1703
79%
Naissance de Joséphine de Beauharnais1763
76%
Naissance de Zinédine Zidane1972
62%
Naissance de Jean Tigana1955
45%
Naissance de l'égyptologue Gaston Maspero1846
38%
Naissance de l'acteur Louis Seigner1903
38%
Naissance de la pilote Michèle Mouton1951
38%
Naissance de Yan Tiersen1970
31%
Couronnement d'Harald V de Norvège1991
31%
Naissance du futur roi Edouard VIII1894
28%
Naissance de l'écrivain Jean Anouilh1910
28%
Création du canton du Jura en Suisse1974
21%
Création du Comité international olympique1884
17%
1ère ascension du Mont Logan au Canada1925
17%

Distribution des résultats

Percentile par nombre de réponses

% des personnes avec chaque résultat

Votre développement - résultats

Vous n’avez pas pris ce quiz